| 000 | 00745nam a2200253Ia 4500 | ||
|---|---|---|---|
| 003 | OSt | ||
| 005 | 20220925232339.0 | ||
| 006 | a|||||r|||| 00| 0 | ||
| 007 | ta | ||
| 008 | 220923b |||||||| |||| 00| 0 eng d | ||
| 037 | _cGeneral Book | ||
| 040 |
_aRTL _cRTL _beng |
||
| 041 |
_2eng _aeng |
||
| 082 | _aY2-73(P6), L8 | ||
| 100 |
_aShimkin Demitri B and others Ed. _9297274 |
||
| 245 | 0 | _aExtended family in black societies | |
| 260 |
_aMouton _bThe Hague _c1978 |
||
| 300 |
_axxi,526p _ccm. |
||
| 490 | _aWorld Anthropology | ||
| 500 | _aBibliography chapterwise | ||
| 650 |
_aMarriage and Kinship _9230715 |
||
| 942 |
_hY2-73(P6), L8 _cGB _2CC |
||
| 999 |
_c591194 _d591194 |
||